000 03393cam a2200373 i 4500
001 21097676
003 CSPC
005 20250120124808.0
008 190723s2020 ctuab b 001 0 eng
010 _a 2019946673
020 _a9780300222913
_q(paperback)
040 _aDLC
_beng
_erda
_cDLC
_dCSPC
042 _apcc
043 _an-us---
050 0 0 _aGE180
_b.A53 2020
082 0 4 _223
_a363.7050973
_bAn261m
100 1 _aAndrews, Richard N. L.,
_eauthor.
245 1 0 _aManaging the environment, managing ourselves :
_ba history of American environmental policy /
_cRichard N. L. Andrews.
250 _aThird edition.
264 1 _aNew Haven :
_bYale University Press,
_c2020.
300 _axiv, 513 pages :
_billustrations ;
_c26 cm.
336 _atext
_btxt
_2rdacontent
337 _aunmediated
_bn
_2rdamedia
338 _avolume
_bnc
_2rdacarrier
504 _aIncludes bibliographical references and index.
505 0 _aIntroduction: environment and governance -- Part One. Foundations -- Who owns the environmental? Historical content and colonial precedents -- The constitutional framework -- Part Two. Natural assets and urban living conditions -- Land and transport: commercial development as environmental policy -- Industrialization, resource differentiation, and public resource management -- Public health and urban sanitation -- Part Three. Multiple-use management -- The progressive era -- Conservative "normalcy" and new deal conservation -- Part Four. An environmental movement awakens -- Superpower and supermarket -- The rise of modern environmentalism -- Part Five. The modern environmental policy era -- Toward a national environmental policy -- The EPA: nationalizing pollution control -- Public lands and wildlife conservation -- Agricultural and urban environmental management -- Energy policy and climate change -- Environmental policy in a global economy -- Part Six. A new environmental policy era? -- The trump agenda -- Managing the environment, managing ourselves.
520 _a"In this definitive book, Richard N. L. Andrews looks back at four centuries of American environmental policy, showing how these policies affect environmental issues and public policy decisions today and posing the central policy challenges for the future. By analyzing environmental policies at their half-century marks, placing them within their historical contexts, and weaving together diverse threads-pollution, public health, land and wildlife conservation, energy, and others-Andrews paints a complete and unified narrative of the historical developments of American environmental policies and institutions. The previous edition brought the book up to date through President George W. Bush's first term; this third edition updates and revises the entire text, with a focus on more recent environmental politics and policy up through the Obama administration and into the Trump administration"--
_cProvided by publisher.
650 0 _aEnvironmental policy
_zUnited States
_xHistory.
650 0 _aEnvironmental management
_zUnited States
_xHistory.
906 _a0
_bibc
_corignew
_d2
_eepcn
_f20
_gy-gencatlg
942 _2ddc
_n0
_cBK
_e23
_h363.7050973
_iAn261m
_kCIR
_m2020
999 _c28641
_d28641